| 000 | 00628nam a22002177a 4500 | ||
|---|---|---|---|
| 003 | BD-DhSAU | ||
| 005 | 20210914110655.0 | ||
| 008 | 210610b2012 us a|||| |||| 001 0 eng d | ||
| 020 |
_a9789352602155 _c19181.002 |
||
| 040 | _aBD-DhSAU | ||
| 082 |
_222 _a658.1511 _bG1934 |
||
| 100 | _aGarrison, Ray H. | ||
| 245 |
_aManagerial Accounting _c Md. Mozammel Hoque |
||
| 250 | _a14th | ||
| 260 |
_aNew York: _bMcGraw Hill Education; _c2012. |
||
| 300 |
_axxxv, 762 p. _bill.; _c28cm. |
||
| 500 | _aIncludes index. | ||
| 650 | _aAccounting | ||
| 700 | _4Ray H. Garrison, Eric W. Noreen and Peter C. Brewer. | ||
| 942 |
_2ddc _cBOOK |
||
| 999 |
_c15143 _d15142 |
||